| 000 | 00690 a2200193 4500 | ||
|---|---|---|---|
| 999 |
_c8099 _d8099 |
||
| 020 | _a9780582088047 | ||
| 050 | _aNA2800 SMI 1996 | ||
| 100 |
_aSmith, B.J. _eauthor |
||
| 245 |
_aAcoustic and noise control / _cby B.J Smith, R.J. Peters and S. Owen |
||
| 250 | _a2nd | ||
| 264 |
_aHarlow: _bPearson Education Limited, _c1996. |
||
| 300 | _a330p. : | ||
| 500 | _aEarlier edition: Acoustics and noise control / B. J. Smith, R. J. Peters, Stephanie Owen. 1982 Includes bibliographical references and index | ||
| 650 | _aArchitectural acoustics | ||
| 650 | _aNoise control | ||
| 700 |
_aPeters, R.J. _eauthor |
||
| 700 |
_aOwen, Stephanie _eauthor |
||
| 942 |
_2lcc _cBK _e2nd _h2800 _iSMI _k1996 |
||